| 000 | 00669nam a2200229 u 4500 | ||
|---|---|---|---|
| 005 | 20240912063841.0 | ||
| 008 | 120627s2009 mx r 000 0 spa d | ||
| 020 | _a9786074530261 | ||
| 035 | _aUPN01000185509 | ||
| 049 | _aI | ||
| 050 | 4 |
_aPZ76.3 _bS4.1 |
|
| 100 | 1 |
_aSevilla, Fabián, _d1970- _932370 |
|
| 245 | 1 | 0 |
_aAnimales disfuncionales : _bcuentos / _cFabián Sevilla. |
| 260 |
_aMéxico : _bSelector, _c2009. |
||
| 300 | _a78 p. | ||
| 440 | 0 | _aLiteratura infantil | |
| 650 | 4 |
_aCuentos infantiles argentinos _97466 |
|
| 650 | 7 |
_aAnimales en la literatura _2 _91055 |
|
| 650 | 0 |
_aValores en la literatura _912441 |
|
| 905 | _aInfantil | ||
| 999 |
_c157612 _d157612 |
||